000 00295nam a22001337a 4500
008 181203b xxu||||| |||| 00| 0 eng d
020 _a9780470467244
041 _aeng
080 _a530
100 _a43
101 _aFIZ
245 _aString Theory for Dummies
_cJones,A.Z
942 _2udc
_cBK
999 _c52724
_d52724